| 000 | 00502nam a2200145 a 4500 | ||
|---|---|---|---|
| 008 | 120416s1995 ||||||||||||||||| || u | ||
| 020 | _a0750629274 | ||
| 050 | _aHD 30.3 Joh | ||
| 100 | _aJohnson, Mike | ||
| 245 | 1 | 0 | _aManaging in the next millenium |
| 260 |
_aOxford _bButterworth-Heinemann _c1995 |
||
| 350 | _a0.00 | ||
| 650 | 0 | _aMANAGEMENT | |
| 995 |
_D0.00 _FCBU-MAIN LIBRARY (Kitwe) _H1 _I15.00 _M1 _UAVAILABLE _ZAnnex Low-Usage Collection |
||
| 999 |
_c50164 _d50164 |
||